L'Ancien club des 50 joueurs de Bundesliga les plus chers - Statistiques

Statistiques générales
  • Ce quiz a été pris 33 fois
  • Le résultat moyen est 22 sur 50
Statistiques - réponses
Joueur Club actuel Ancien club % Correct
Harry Kane FC Bayern München Tottenham Hotspurs
100%
Michael Olise FC Bayern München Crystal Palace
90%
Loïs Openda RB Leipzig RC Lens
86%
Kingsley Coman FC Bayern München Juventus Turin
83%
Leroy Sané FC Bayern München Manchester City
79%
Castello Lukeba RB Leipzig Olympique Lyonnais
79%
Hugo Ekitiké Eintracht Frankfurt Paris Saint-Germain
79%
Min-Jae Kim FC Bayern München SSC Napoli
79%
Elye Wahi Eintracht Frankfurt Olympique de Marseille
76%
Xavi Simons RB Leipzig PSV Eindhoven
76%
Dayot Upamecano FC Bayern München RB Leipzig
76%
Konrad Laimer FC Bayern München RB Leipzig
76%
João Palhinha FC Bayern München Fulham FC
72%
Serhou Guirassy Borussia Dortmund VfB Stuttgart
66%
Alejandro Grimaldo Bayer Leverkusen SL Benfica
62%
Amine Adli Bayer Leverkusen Toulouse FC
59%
Leon Goretzka FC Bayern München FC Schalke 04
55%
Karim Adeyemi Borussia Dortmund RB Salzburg
55%
Felix Nmecha Borussia Dortmund VfL Wolfsburg
55%
Arthur Vermeeren RB Leipzig Atlético Madrid
52%
Benjamin Šeško RB Leipzig RB Salzburg
52%
Lutsharel Geertruida RB Leipzig Feyenoord Rotterdam
48%
Yan Couto Borussia Dortmund Girona FC
48%
Victor Boniface Bayer Leverkusen Union Saint-Gilloise
45%
Julian Brandt Borussia Dortmund Bayer Leverkusen
41%
Antonio Nusa RB Leipzig Club Bruges
41%
Jamie Bynoe-Gittens Borussia Dortmund Manchester City
38%
Mohammed Amoura VfL Wolfsburg Union Saint-Gilloise
38%
Waldermar Anton Borussia Dortmund VfB Stuttgart
38%
Joshua Kimmich FC Bayern München RB Leipzig
34%
Deniz Undav VfB Stuttgart Brighton
31%
Hiroki Ito FC Bayern München VfB Stuttgart
31%
Nico Schlotterbeck Borussia Dortmund SC Freiburg
28%
David Raum RB Leipzig TSG Hoffenheim
28%
Xaver Schlager RB Leipzig VfL Wolfsburg
28%
Jeremie Frimpong Bayer Leverkusen Celtic Glasgow
24%
Ermedin Demirović VfB Stuttgart FC Augsburg
24%
Patrik Schick Bayer Leverkusen RB Leipzig
24%
Serge Gnabry FC Bayern München TSG Hoffenheim
24%
Enzo Millot VfB Stuttgart AS Monaco
21%
Exequiel Palacios Bayer Leverkusen River Plate
17%
Alphonso Davies FC Bayern München Vancouver Whitecaps
17%
Gregor Kobel Borussia Dortmund VfB Stuttgart
17%
Hugo Larsson Eintracht Frankfurt Malmö FF
10%
Ritsu Doan SC Freiburg PSV Eindhoven
10%
Angelo Stiller VfB Stuttgart TSG Hoffenheim
7%
Edmond Tapsoba Bayer Leverkusen Vitória Guimarães SC
7%
Piero Hincapié Bayer Leverkusen CA Talleres
3%
Jonathan Tah Bayer Leverkusen Fortuna Düsseldorf
3%
Maximilian Beier Borussia Dortmund VfB Stuttgart
3%
Aucun quiz correspondant
Distribution des résultats
% des personnes avec chaque résultat
Percentile par nombre de réponses
Votre historique - résultats
Vous n’avez pas pris ce quiz